Statistics for Formula 1 drivers who won on their team debut

Click here to take the quiz!

General Stats

  • This quiz has been taken 187 times
  • The average score is 13 of 19

Answer Stats

YearConstructorDriver% Correct
2016Red BullMax Verstappen
98%
2010FerrariFernando Alonso
96%
2009BrawnJenson Button
96%
1954MercedesJuan Manuel Fangio
94%
1956FerrariJuan Manuel Fangio
94%
1950Alfa RomeoGiuseppe Farina
93%
2007FerrariKimi Räikkönen
93%
1993WilliamsAlain Prost
87%
1989FerrariNigel Mansell
78%
1958CooperStirling Moss
73%
1955MercedesStirling Moss
73%
1986WilliamsNelson Piquet
72%
2005RenaultGiancarlo Fisichella
71%
1977WolfJody Scheckter
57%
1971FerrariMario Andretti
36%
1956FerrariLuigi Musso
28%
1961FerrariGiancarlo Baghetti
23%
1967CooperPedro Rodríguez
17%
1958CooperMaurice Trintignant
15%

Score Distribution

Percentile by Number Answered

Percent of People with Each Score

Your Score History

You have not taken this quiz